00258nam a2200109Ia 4500008004100000041000800041082001200049100002400061245001400085260004000099300000900139220803s9999 xx 000 0 und d aeng a728 LIN aLindal Cedar Homes. aOriginals b"Lindal Cedar Homes., Canada"c1994 a266p